[Event "Moscow Open 2018 AB"]
[Site "?"]
[Date "2018.01.27"]
[Round "1.10"]
[White "Mozharov, Mikhail"]
[Black "Konaplev, Anton"]
[Result "1-0"]
[BlackElo "2276"]
[WhiteElo "2539"]
[LiveChessVersion "1.4.8"]

1. d4 {[%clk 1:30:55]} Nf6 {[%clk 1:29:40]} 2. c4 {[%clk 1:31:12]} e6
{[%clk 1:29:56]} 3. g3 {[%clk 1:31:29]} d5 {[%clk 1:29:49]} 4. Nf3
{[%clk 1:31:26]} Bb4+ {[%clk 1:29:10]} 5. Bd2 {[%clk 1:31:49]} Be7
{[%clk 1:29:34]} 6. Bg2 {[%clk 1:32:12]} O-O {[%clk 1:29:57]} 7. O-O
{[%clk 1:32:37]} c6 {[%clk 1:30:06]} 8. Bf4 {[%clk 1:31:50]} Nbd7
{[%clk 1:29:54]} 9. Nc3 {[%clk 1:31:28]} dxc4 {[%clk 1:26:07]} 10. e4
{[%clk 1:31:30]} b5 {[%clk 1:22:26]} 11. d5 {[%clk 1:30:03]} cxd5
{[%clk 1:09:51]} 12. exd5 {[%clk 1:30:18]} b4 {[%clk 0:48:41]} 13. d6
{[%clk 1:28:05]} bxc3 {[%clk 0:48:45]} 14. dxe7 {[%clk 1:28:27]} Qxe7
{[%clk 0:49:09]} 15. Bd6 {[%clk 1:28:49]} Qe8 {[%clk 0:47:47]} 16. bxc3
{[%clk 1:28:54]} Bb7 {[%clk 0:46:47]} 17. Qd4 {[%clk 1:24:23]} e5
{[%clk 0:36:11]} 18. Qe3 {[%clk 1:18:32]} Nd5 {[%clk 0:26:25]} 19. Qd2
{[%clk 1:16:48]} Qe6 {[%clk 0:25:54]} 20. Bxf8 {[%clk 1:17:06]} Rxf8
{[%clk 0:26:15]} 21. Rab1 {[%clk 1:06:29]} Ba8 {[%clk 0:23:30]} 22. Ng5
{[%clk 1:05:44]} Qc6 {[%clk 0:20:11]} 23. Rfd1 {[%clk 1:04:34]} N7f6
{[%clk 0:19:20]} 24. Ne4 {[%clk 0:58:46]} Nb6 {[%clk 0:15:22]} 25. Nxf6+
{[%clk 0:58:23]} Qxf6 {[%clk 0:15:50]} 26. Bxa8 {[%clk 0:58:44]} Rxa8
{[%clk 0:16:12]} 27. Rb5 {[%clk 0:58:04]} h6 {[%clk 0:14:20]} 28. Ra5
{[%clk 0:57:10]} e4 {[%clk 0:12:09]} 29. Qd4 {[%clk 0:57:08]} Qf3
{[%clk 0:11:02]} 30. Re1 {[%clk 0:57:14]} f5 {[%clk 0:10:35]} 31. h3
{[%clk 0:54:00]} f4 {[%clk 0:08:28]} 32. gxf4 {[%clk 0:52:11]} Qxh3
{[%clk 0:06:46]} 33. Re3 {[%clk 0:50:15]} Qh4 {[%clk 0:06:24]} 34. Rg3
{[%clk 0:49:07]} Qe7 {[%clk 0:06:32]} 35. Re5 {[%clk 0:49:07]} Qb7
{[%clk 0:03:59]} 36. Qd6 {[%clk 0:47:31]} Kh8 {[%clk 0:02:04]} 37. Re7
{[%clk 0:46:15]} Qd5 {[%clk 0:02:28]} 38. Qg6 {[%clk 0:45:51]} 1-0

[Event "Moscow Open 2018 AB"]
[Site "?"]
[Date "2018.01.27"]
[Round "1.11"]
[White "Khrapko, Marharyta"]
[Black "Kashlinskaya, Alina"]
[Result "0-1"]
[BlackElo "2459"]
[WhiteElo "2005"]
[LiveChessVersion "1.4.8"]

1. e4 {[%clk 1:30:58]} e5 {[%clk 1:30:51]} 2. Nf3 {[%clk 1:31:24]} Nc6
{[%clk 1:31:11]} 3. Bb5 {[%clk 1:31:03]} a6 {[%clk 1:31:32]} 4. Ba4
{[%clk 1:31:31]} Nf6 {[%clk 1:31:53]} 5. O-O {[%clk 1:31:16]} Be7
{[%clk 1:32:11]} 6. Re1 {[%clk 1:31:06]} b5 {[%clk 1:32:26]} 7. Bb3
{[%clk 1:31:34]} d6 {[%clk 1:32:38]} 8. c3 {[%clk 1:31:28]} O-O {[%clk 1:32:53]}
9. h3 {[%clk 1:31:41]} Nb8 {[%clk 1:33:09]} 10. d4 {[%clk 1:31:37]} Nbd7
{[%clk 1:33:34]} 11. Nbd2 {[%clk 1:31:33]} Bb7 {[%clk 1:33:36]} 12. Bc2
{[%clk 1:32:01]} Re8 {[%clk 1:33:45]} 13. Nf1 {[%clk 1:31:23]} Bf8
{[%clk 1:34:02]} 14. Ng3 {[%clk 1:30:13]} g6 {[%clk 1:34:23]} 15. d5
{[%clk 1:19:06]} c6 {[%clk 1:32:22]} 16. dxc6 {[%clk 1:15:31]} Bxc6
{[%clk 1:32:44]} 17. Bg5 {[%clk 1:12:22]} h6 {[%clk 1:24:01]} 18. Be3
{[%clk 1:08:40]} Nc5 {[%clk 1:19:31]} 19. Bxc5 {[%clk 0:55:36]} dxc5
{[%clk 1:19:53]} 20. c4 {[%clk 0:55:47]} Qxd1 {[%clk 0:59:13]} 21. Raxd1
{[%clk 0:52:37]} Rab8 {[%clk 0:58:40]} 22. Bb3 {[%clk 0:24:08]} bxc4
{[%clk 0:50:47]} 23. Bxc4 {[%clk 0:24:36]} Rxb2 {[%clk 0:51:05]} 24. Rb1
{[%clk 0:21:20]} Rxb1 {[%clk 0:29:17]} 25. Rxb1 {[%clk 0:21:48]} Bb5
{[%clk 0:28:54]} 26. Bxb5 {[%clk 0:19:30]} axb5 {[%clk 0:29:18]} 27. Rxb5
{[%clk 0:19:20]} c4 {[%clk 0:29:22]} 28. Rb2 {[%clk 0:10:11]} c3 {[%clk 0:26:19]}
29. Rc2 {[%clk 0:10:39]} Bb4 {[%clk 0:26:32]} 30. Kf1 {[%clk 0:10:54]} Nd7
{[%clk 0:24:07]} 31. Ke2 {[%clk 0:10:26]} Nb6 {[%clk 0:19:43]} 32. Nf1
{[%clk 0:07:20]} f5 {[%clk 0:11:04]} 33. exf5 {[%clk 0:07:29]} gxf5
{[%clk 0:11:24]} 34. Ng3 {[%clk 0:07:48]} e4 {[%clk 0:08:57]} 35. Nd4
{[%clk 0:07:41]} f4 {[%clk 0:08:50]} 36. Ngf5 {[%clk 0:05:06]} Nd5
{[%clk 0:07:01]} 37. Nxh6+ {[%clk 0:03:23]} Kg7 {[%clk 0:07:24]} 38. Ng4
{[%clk 0:02:06]} Bc5 {[%clk 0:03:47]} 39. Nb5 {[%clk 0:01:04]} Bb4
{[%clk 0:01:11]} 40. a3 {[%clk 0:30:55]} Rb8 {[%clk 0:31:05]} 41. a4
{[%clk 0:25:30]} Ra8 {[%clk 0:29:07]} 42. Ra2 {[%clk 0:25:24]} Rc8
{[%clk 0:27:46]} 43. Kd1 {[%clk 0:19:06]} Ba5 {[%clk 0:19:45]} 44. Re2
{[%clk 0:09:56]} Rc4 {[%clk 0:17:08]} 45. Na3 {[%clk 0:00:47]} Rxa4
{[%clk 0:11:11]} 46. Nc2 {[%clk 0:01:15]} Bc7 {[%clk 0:11:02]} 47. g3
{[%clk 0:00:41]} f3 {[%clk 0:10:03]} 48. Re1 {[%clk 0:01:10]} Bb6
{[%clk 0:10:04]} 49. Rf1 {[%clk 0:00:51]} Nb4 {[%clk 0:09:19]} 50. Nge3
{[%clk 0:00:37]} Bxe3 {[%clk 0:09:33]} 51. fxe3 {[%clk 0:01:01]} Ra2
{[%clk 0:09:47]} 0-1

[Event "Moscow Open 2018 AB"]
[Site "?"]
[Date "2018.01.27"]
[Round "1.12"]
[White "Bodnaruk, Anastasia"]
[Black "Yurovskikh, Yasmin"]
[Result "0-1"]
[BlackElo "2001"]
[WhiteElo "2434"]
[LiveChessVersion "1.4.8"]

1. e4 c6 2. d4 d5 3. e5 Bf5 4. Nf3 e6 5. Be2 c5 6. O-O Nc6 7. c3 Bg6 8. a3 cxd4
9. cxd4 Nge7 10. b4 Nc8 11. Be3 Nb6 12. Nbd2 Be7 13. Rc1 O-O 14. Nb3 a6 15. Nc5
Bxc5 16. Rxc5 Rc8 17. Nd2 Nd7 18. Rc1 b5 19. Nb3 Qb6 20. Qd2 Rc7 21. h4 f6 22. h5
Be8 23. h6 g6 24. exf6 Nxf6 25. Nc5 Ne7 26. Bf4 Ra7 27. Be5 Nf5 28. Qg5 Nd7 29.
Nxd7 Rxd7 30. Rc8 Nd6 31. Bxd6 Qxd6 32. Bd3 Re7 33. Re1 Qd7 34. Rec1 Qd6 35. Re1
Bd7 36. Bxg6 Bxc8 37. Bh5+ Kh8 38. Re3 Qc7 39. Rg3 e5 40. Bd1 Bf5 41. Rc3 Qd7 42.
dxe5 Rxe5 43. Rg3 Re1+ 44. Kh2 Bg6 45. Qd2 Qe6 46. Qc3+ Qe5 47. Qc5 Re8 48. Bf3
Qa1 49. Rg5 Be4 50. Bh5 Rh1+ 51. Kg3 Bg6 52. Bg4 Qf6 53. Qxd5 Rf8 54. Qd2 Rxh6
55. f4 Rh1 56. Bh3 Rf1 57. Rg4 Bf5 0-1

[Event "Moscow Open 2018 AB"]
[Site "?"]
[Date "2018.01.27"]
[Round "1.13"]
[White "Tskhadadze, Anna"]
[Black "Nechaeva, Marina"]
[Result "0-1"]
[BlackElo "2421"]
[WhiteElo "1997"]
[LiveChessVersion "1.4.8"]

1. d4 d5 2. Bf4 Nf6 3. e3 c5 4. c3 Nc6 5. Nd2 cxd4 6. exd4 Bf5 7. Ngf3 e6 8. Be2
Bd6 9. Bg3 O-O 10. O-O h6 11. Re1 Bxg3 12. hxg3 Qc7 13. Nf1 Rab8 14. Bd3 Bxd3 15.
Qxd3 b5 16. a3 a5 17. N1d2 Rfc8 18. Rec1 Nd7 19. Rab1 Ne7 20. Qe2 b4 21. axb4
axb4 22. c4 dxc4 23. Rxc4 Qa7 24. Ne5 Nf6 25. Rbc1 Rxc4 26. Ndxc4 Rd8 27. Qe1
Nfd5 28. Qe4 Qb8 29. Re1 Nf6 30. Qe2 Rxd4 31. Qf3 Rd8 32. Qb3 Nfd5 33. Qf3 f6 34.
Nd3 e5 35. Qe4 Qb5 36. Ra1 f5 37. Qh4 e4 38. Nde5 Nf6 39. b3 Qc5 40. Qf4 Qd4 41.
Qc1 Rd5 42. Qe1 Kh7 43. Rc1 Rxe5 44. Nxe5 Qxe5 45. Qxb4 e3 46. Qe1 exf2+ 47. Qxf2
Ned5 48. Qe1 Ne3 49. b4 Nfg4 50. Rc3 Qd4 51. Kh1 Qe4 52. Qd2 Qxb4 53. Kg1 Qb6 54.
Kh1 Qg6 55. Rxe3 Qh5+ 56. Kg1 Qh2+ 57. Kf1 Qh1+ 58. Ke2 Qxg2+ 0-1

[Event "Moscow Open 2018 AB"]
[Site "?"]
[Date "2018.01.27"]
[Round "1.14"]
[White "Voit, Daria"]
[Black "Shakirova, Renata"]
[Result "1-0"]
[BlackElo "1994"]
[WhiteElo "2390"]
[LiveChessVersion "1.4.8"]

1. e4 c5 2. Nf3 d6 3. c3 Nf6 4. h3 g6 5. Bd3 Bg7 6. Bc2 O-O 7. d4 d5 8. e5 Ne4 9.
O-O Nc6 10. Re1 f6 11. exf6 exf6 12. dxc5 Nxc5 13. b4 Ne6 14. Bb3 Nc7 15. Bf4 Kh8
16. Bxc7 Qxc7 17. Qxd5 Bf5 18. Na3 Rad8 19. Nb5 Qb8 20. Qc5 a6 21. Nbd4 Nxd4 22.
Nxd4 Rc8 23. Qd5 Rfd8 24. Qf3 Bd7 25. Re7 f5 26. Qd5 Bc6 27. Qf7 Rg8 28. Ne6 Rce8
29. Ng5 Rxe7 30. Qxe7 h6 31. Bxg8 Qxg8 32. Ne6 Bxc3 33. Rd1 Bxb4 34. Qf6+ Kh7 35.
Rd8 1-0

[Event "Moscow Open 2018 AB"]
[Site "?"]
[Date "2018.01.27"]
[Round "1.15"]
[White "Lysenko, Viktoria"]
[Black "Shuvalova, Polina"]
[Result "0-1"]
[BlackElo "2388"]
[WhiteElo "1991"]
[LiveChessVersion "1.4.8"]

1. e4 {[%clk 1:30:57]} c5 {[%clk 1:30:57]} 2. Nf3 {[%clk 1:31:04]} Nc6
{[%clk 1:31:25]} 3. Bb5 {[%clk 1:27:26]} d6 {[%clk 1:30:56]} 4. d4
{[%clk 1:26:50]} cxd4 {[%clk 1:31:06]} 5. Qxd4 {[%clk 1:26:21]} Bd7
{[%clk 1:29:01]} 6. Bxc6 {[%clk 1:26:15]} Bxc6 {[%clk 1:29:18]} 7. c4
{[%clk 1:21:42]} Nf6 {[%clk 1:28:04]} 8. Nc3 {[%clk 1:20:53]} e5 {[%clk 1:25:37]}
9. Qd3 {[%clk 1:14:34]} h6 {[%clk 1:24:09]} 10. O-O {[%clk 1:11:34]} Be7
{[%clk 1:24:27]} 11. Rd1 {[%clk 0:49:24]} O-O {[%clk 1:23:49]} 12. b4
{[%clk 0:42:42]} Qc7 {[%clk 1:14:34]} 13. h3 {[%clk 0:34:22]} Kh8
{[%clk 1:10:29]} 14. Be3 {[%clk 0:34:03]} Nxe4 {[%clk 1:05:19]} 15. Nxe4
{[%clk 0:26:32]} f5 {[%clk 1:05:40]} 16. Nc3 {[%clk 0:22:03]} e4 {[%clk 1:04:43]}
17. Nd5 {[%clk 0:21:54]} Qd7 {[%clk 0:59:35]} 18. Qe2 {[%clk 0:22:01]} exf3
{[%clk 0:58:05]} 19. Qxf3 {[%clk 0:22:22]} f4 {[%clk 0:50:37]} 20. Bd4
{[%clk 0:19:53]} Bg5 {[%clk 0:48:50]} 21. b5 {[%clk 0:16:02]} Bxd5
{[%clk 0:48:41]} 22. Qxd5 {[%clk 0:16:22]} f3 {[%clk 0:47:06]} 23. c5
{[%clk 0:08:19]} fxg2 {[%clk 0:43:01]} 24. Qxg2 {[%clk 0:06:53]} d5
{[%clk 0:41:44]} 25. a4 {[%clk 0:06:49]} Rf5 {[%clk 0:41:05]} 26. Ra3
{[%clk 0:04:37]} Bh4 {[%clk 0:38:09]} 27. Be3 {[%clk 0:03:54]} Raf8
{[%clk 0:33:21]} 28. Rad3 {[%clk 0:03:30]} Qf7 {[%clk 0:31:41]} 29. R1d2
{[%clk 0:02:38]} Bg5 {[%clk 0:31:30]} 30. Bxg5 {[%clk 0:01:14]} Rxg5
{[%clk 0:28:42]} 31. Rg3 {[%clk 0:01:39]} Rf5 {[%clk 0:29:05]} 32. Rgd3
{[%clk 0:00:59]} Rg5 {[%clk 0:24:15]} 33. Rg3 {[%clk 0:01:24]} Re5
{[%clk 0:24:41]} 34. Kh2 {[%clk 0:01:13]} Qf4 {[%clk 0:24:13]} 35. Ra2
{[%clk 0:00:52]} h5 {[%clk 0:19:17]} 36. h4 {[%clk 0:00:52]} Qxh4+
{[%clk 0:19:34]} 37. Rh3 {[%clk 0:00:49]} Qc4 {[%clk 0:19:45]} 38. Raa3
{[%clk 0:01:05]} Qf4+ {[%clk 0:19:18]} 39. Qg3 {[%clk 0:01:02]} Qxf2+
{[%clk 0:19:18]} 40. Qxf2 {[%clk 0:31:24]} Rxf2+ {[%clk 0:49:45]} 41. Kg3
{[%clk 0:31:45]} Rf7 {[%clk 0:47:58]} 42. Rh2 {[%clk 0:29:09]} Kh7
{[%clk 0:45:17]} 43. a5 {[%clk 0:27:43]} d4 {[%clk 0:43:42]} 44. b6
{[%clk 0:25:59]} axb6 {[%clk 0:43:02]} 45. cxb6 {[%clk 0:26:19]} Rff5
{[%clk 0:42:43]} 46. Rd2 {[%clk 0:26:06]} Rxa5 {[%clk 0:39:11]} 47. Rxa5
{[%clk 0:26:30]} Rxa5 {[%clk 0:39:38]} 48. Rxd4 {[%clk 0:26:52]} Rg5+
{[%clk 0:39:56]} 49. Kh3 {[%clk 0:25:47]} Rg6 {[%clk 0:40:22]} 50. Rb4
{[%clk 0:26:07]} Kh6 {[%clk 0:40:41]} 51. Rb5 {[%clk 0:26:31]} Rc6
{[%clk 0:40:54]} 52. Kh4 {[%clk 0:26:42]} g5+ {[%clk 0:40:31]} 53. Kg3
{[%clk 0:27:05]} Kg6 {[%clk 0:40:48]} 54. Kh3 {[%clk 0:27:12]} h4
{[%clk 0:41:03]} 55. Kg4 {[%clk 0:27:35]} Rc4+ {[%clk 0:41:26]} 56. Kh3
{[%clk 0:27:58]} Rc3+ {[%clk 0:41:49]} 57. Kg2 {[%clk 0:27:52]} Kh5
{[%clk 0:42:03]} 58. Rb4 {[%clk 0:28:01]} Rc2+ {[%clk 0:41:49]} 59. Kg1
{[%clk 0:28:11]} h3 {[%clk 0:42:13]} 60. Kh1 {[%clk 0:28:23]} g4 {[%clk 0:42:37]}
61. Rb5+ {[%clk 0:28:29]} Kh4 {[%clk 0:43:04]} 62. Rb3 {[%clk 0:28:48]} Rc1+
{[%clk 0:43:08]} 63. Kh2 {[%clk 0:29:13]} g3+ {[%clk 0:43:26]} 64. Rxg3
{[%clk 0:29:31]} Rc2+ {[%clk 0:43:54]} 65. Rg2 {[%clk 0:29:52]} Rxg2+
{[%clk 0:44:08]} 0-1

[Event "Moscow Open 2018 AB"]
[Site "?"]
[Date "2018.01.27"]
[Round "1.16"]
[White "Gritsayeva, Oksana"]
[Black "Bulatova, Kamaliya"]
[Result "1-0"]
[BlackElo "1990"]
[WhiteElo "2383"]
[LiveChessVersion "1.4.8"]

1. Nf3 {[%clk 1:30:56]} Nf6 {[%clk 1:30:53]} 2. g3 {[%clk 1:31:20]} g6
{[%clk 1:30:50]} 3. b3 {[%clk 1:31:37]} Bg7 {[%clk 1:31:16]} 4. Bb2
{[%clk 1:32:03]} d6 {[%clk 1:31:10]} 5. d4 {[%clk 1:32:10]} O-O {[%clk 1:30:31]}
6. Bg2 {[%clk 1:32:34]} c6 {[%clk 1:28:30]} 7. O-O {[%clk 1:32:25]} Nbd7
{[%clk 1:27:05]} 8. c4 {[%clk 1:29:10]} Re8 {[%clk 1:23:54]} 9. Nc3
{[%clk 1:26:11]} e5 {[%clk 1:20:35]} 10. dxe5 {[%clk 1:20:53]} dxe5
{[%clk 1:17:45]} 11. Ng5 {[%clk 1:11:11]} e4 {[%clk 0:59:18]} 12. Qc2
{[%clk 1:00:09]} e3 {[%clk 0:57:50]} 13. f4 {[%clk 0:57:28]} Nc5 {[%clk 0:51:20]}
14. Rad1 {[%clk 0:52:04]} Qa5 {[%clk 0:42:31]} 15. f5 {[%clk 0:44:53]} h6
{[%clk 0:24:10]} 16. fxg6 {[%clk 0:41:34]} hxg5 {[%clk 0:22:07]} 17. gxf7+
{[%clk 0:41:40]} Kxf7 {[%clk 0:22:24]} 18. Nd5 {[%clk 0:35:44]} Nce4
{[%clk 0:15:11]} 19. Bxe4 {[%clk 0:27:42]} cxd5 {[%clk 0:09:45]} 20. Bxd5+
{[%clk 0:26:48]} Ke7 {[%clk 0:04:14]} 21. Bxf6+ {[%clk 0:25:51]} Bxf6
{[%clk 0:04:29]} 22. Qh7+ {[%clk 0:26:14]} Kd6 {[%clk 0:04:06]} 23. Bxb7+
{[%clk 0:24:34]} Kc5 {[%clk 0:03:24]} 24. Rd5+ {[%clk 0:24:13]} 1-0

[Event "Moscow Open 2018 AB"]
[Site "?"]
[Date "2018.01.29"]
[Round "3.1"]
[White "Gaifullin, Artur"]
[Black "Nabaty, Tamir"]
[Result "0-1"]
[BlackElo "2658"]
[WhiteElo "2423"]
[LiveChessVersion "1.4.8"]

1. d4 {[%clk 1:28:39]} d5 {[%clk 1:30:47]} 2. c4 {[%clk 1:29:04]} e6
{[%clk 1:31:09]} 3. Nf3 {[%clk 1:29:29]} dxc4 {[%clk 1:31:32]} 4. g3
{[%clk 1:29:26]} c5 {[%clk 1:31:25]} 5. Qa4+ {[%clk 1:28:13]} Nc6 6. dxc5
{[%clk 1:26:26]} Bxc5 {[%clk 1:28:38]} 7. Bg2 {[%clk 1:26:41]} Qa5+
{[%clk 1:28:29]} 8. Qxa5 {[%clk 1:27:05]} Nxa5 {[%clk 1:28:55]} 9. Bd2 b6
{[%clk 1:11:58]} 10. O-O {[%clk 1:15:52]} Ba6 11. Bc3 {[%clk 0:54:50]} Nf6
{[%clk 1:10:29]} 12. Nfd2 {[%clk 0:43:49]} Rd8 {[%clk 0:59:27]} 13. b4
{[%clk 0:43:49]} cxb3 {[%clk 0:59:49]} 14. axb3 {[%clk 0:38:57]} Bd4 15. Rc1 Bxc3
{[%clk 0:34:43]} 16. Rxc3 {[%clk 0:39:14]} Bb7 {[%clk 0:34:52]} 17. Rxa5
{[%clk 0:25:20]} Bxg2 {[%clk 0:35:12]} 18. Rxa7 {[%clk 0:25:49]} Ba8
{[%clk 0:32:24]} 19. f3 {[%clk 0:25:12]} O-O {[%clk 0:32:15]} 20. e4
{[%clk 0:22:12]} g5 {[%clk 0:32:15]} 21. h3 h5 22. g4 {[%clk 0:22:12]} Nd7
{[%clk 0:28:53]} 23. Rd3 {[%clk 0:18:02]} Bc6 {[%clk 0:26:56]} 24. Kf2
{[%clk 0:14:09]} h4 {[%clk 0:25:16]} 25. Nc4 {[%clk 0:12:43]} b5 {[%clk 0:19:56]}
26. Nd6 {[%clk 0:07:31]} Ne5 {[%clk 0:19:01]} 27. Rd2 {[%clk 0:08:00]} Ra8
{[%clk 0:18:40]} 28. Rxa8 {[%clk 0:07:02]} Rxa8 {[%clk 0:19:04]} 29. Nc3
{[%clk 0:06:48]} Ra3 {[%clk 0:16:50]} 30. Ndxb5 {[%clk 0:05:48]} Rxb3
{[%clk 0:16:05]} 31. Rd8+ {[%clk 0:06:11]} Kg7 {[%clk 0:16:30]} 32. Rb8
{[%clk 0:06:36]} Kf6 {[%clk 0:14:45]} 33. f4 {[%clk 0:02:45]} Nd3+
{[%clk 0:14:09]} 0-1

[Event "Moscow Open 2018 AB"]
[Site "?"]
[Date "2018.01.29"]
[Round "3.2"]
[White "Vavulin, Maksim"]
[Black "Samusenko, Maksim"]
[Result "1-0"]
[BlackElo "2422"]
[WhiteElo "2575"]
[LiveChessVersion "1.4.8"]

1. e4 c5 2. Nf3 Nc6 3. Nc3 e5 4. Bc4 Be7 5. d3 Nf6 6. Ng5 O-O 7. f4 exf4 8. Bxf4
d6 9. a3 Nd4 10. O-O h6 11. Nf3 Be6 12. Nxd4 cxd4 13. Nd5 {[%clk 1:07:05]} Bxd5
{[%clk 0:52:02]} 14. exd5 {[%clk 1:07:05]} Qd7 {[%clk 0:44:39]} 15. h3
{[%clk 1:02:46]} b5 {[%clk 0:35:22]} 16. Bb3 {[%clk 1:02:59]} Qd8
{[%clk 0:32:28]} 17. a4 {[%clk 1:02:21]} a6 {[%clk 0:31:37]} 18. Qf3
{[%clk 0:50:14]} Kh8 {[%clk 0:26:41]} 19. Rfe1 {[%clk 0:47:57]} b4
{[%clk 0:17:27]} 20. Qe2 {[%clk 0:45:36]} Re8 {[%clk 0:16:26]} 21. a5
{[%clk 0:45:36]} Bf8 {[%clk 0:15:39]} 22. Qf2 {[%clk 0:34:21]} Rxe1+
{[%clk 0:15:39]} 23. Qxe1 Rb8 24. Bc4 {[%clk 0:34:21]} Qc8 {[%clk 0:12:50]} 25.
Qf2 {[%clk 0:32:42]} Qc5 {[%clk 0:12:02]} 26. Bxh6 {[%clk 0:30:56]} Kg8
{[%clk 0:11:35]} 27. Bg5 {[%clk 0:23:35]} Ne4 {[%clk 0:08:22]} 28. dxe4
{[%clk 0:20:02]} Qxc4 {[%clk 0:08:51]} 29. b3 {[%clk 0:17:30]} Qc5
{[%clk 0:07:59]} 30. Rf1 {[%clk 0:13:12]} Rb7 {[%clk 0:06:42]} 31. Bd8
{[%clk 0:12:42]} Qc3 {[%clk 0:05:55]} 32. Qe2 {[%clk 0:10:41]} Rb8
{[%clk 0:05:21]} 33. Bb6 {[%clk 0:09:45]} Rc8 {[%clk 0:04:30]} 34. Qf2
{[%clk 0:06:30]} f6 {[%clk 0:04:35]} 35. Rd1 {[%clk 0:05:16]} Qb2
{[%clk 0:03:06]} 36. Bxd4 {[%clk 0:05:07]} Qxc2 {[%clk 0:03:28]} 37. Qxc2
{[%clk 0:01:27]} Rxc2 {[%clk 0:03:56]} 38. Bf2 {[%clk 0:01:19]} Rb2
{[%clk 0:02:03]} 39. Rd3 {[%clk 0:01:02]} Ra2 {[%clk 0:02:02]} 40. Rd4
{[%clk 0:30:35]} Rxa5 {[%clk 0:31:27]} 41. Rxb4 {[%clk 0:30:57]} g6
{[%clk 0:23:54]} 42. Bb6 {[%clk 0:27:01]} Ra1+ {[%clk 0:21:53]} 43. Kf2
{[%clk 0:26:50]} a5 {[%clk 0:20:03]} 44. Rc4 {[%clk 0:21:05]} Rb1
{[%clk 0:17:31]} 45. Bxa5 {[%clk 0:17:24]} Rb2+ {[%clk 0:17:13]} 46. Kf3
{[%clk 0:11:49]} Rxb3+ {[%clk 0:17:36]} 47. Rc3 {[%clk 0:12:12]} Rb5
{[%clk 0:12:25]} 48. Bd8 {[%clk 0:09:12]} f5 {[%clk 0:12:36]} 49. Kf4
{[%clk 0:08:46]} Rb8 {[%clk 0:04:08]} 50. Bc7 {[%clk 0:06:45]} Rb5
{[%clk 0:03:42]} 51. exf5 {[%clk 0:06:12]} Bh6+ {[%clk 0:03:17]} 52. Ke4
{[%clk 0:06:24]} gxf5+ {[%clk 0:02:01]} 53. Kxf5 {[%clk 0:06:50]} Rxd5+
{[%clk 0:02:26]} 54. Kg6 {[%clk 0:03:32]} Bd2 {[%clk 0:02:29]} 55. Rg3
{[%clk 0:03:53]} Kf8 {[%clk 0:01:30]} 56. Kf6 {[%clk 0:04:15]} Bf4
{[%clk 0:00:39]} 57. Rg4 {[%clk 0:03:18]} Rd4 {[%clk 0:00:51]} 58. Ke6
{[%clk 0:02:19]} Re4+ {[%clk 0:00:50]} 59. Kd5 {[%clk 0:01:38]} Re5+
{[%clk 0:01:02]} 60. Kxd6 {[%clk 0:01:42]} Bh2 {[%clk 0:00:54]} 61. Kc6
{[%clk 0:02:03]} Re6+ {[%clk 0:01:08]} 62. Kd5 {[%clk 0:02:28]} 1-0

[Event "Moscow Open 2018 AB"]
[Site "?"]
[Date "2018.01.29"]
[Round "3.3"]
[White "Fakhrutdinov, Timur"]
[Black "Frolyanov, Dmitry"]
[Result "1/2-1/2"]
[BlackElo "2567"]
[WhiteElo "2417"]
[LiveChessVersion "1.4.8"]

1. e4 c5 {[%clk 1:30:52]} 2. Nf3 {[%clk 1:31:21]} d6 {[%clk 1:31:16]} 3. d4
{[%clk 1:31:47]} cxd4 {[%clk 1:31:43]} 4. Nxd4 {[%clk 1:32:13]} Nf6
{[%clk 1:32:08]} 5. Nc3 {[%clk 1:32:38]} a6 {[%clk 1:32:32]} 6. Be2
{[%clk 1:33:03]} e6 {[%clk 1:32:49]} 7. O-O {[%clk 1:33:26]} Nc6 {[%clk 1:32:07]}
8. Be3 {[%clk 1:33:43]} Be7 9. f4 {[%clk 1:33:59]} O-O {[%clk 1:32:02]} 10. Qe1
{[%clk 1:34:12]} Nxd4 {[%clk 1:28:48]} 11. Bxd4 {[%clk 1:34:37]} b5 12. a3
{[%clk 1:18:27]} Nd7 {[%clk 1:24:41]} 13. Rd1 Bb7 14. Qg3 {[%clk 1:06:32]} Bf6
{[%clk 1:22:43]} 15. Bxf6 {[%clk 1:03:52]} Nxf6 {[%clk 1:22:47]} 16. Qd3 Qb8
{[%clk 1:16:12]} 17. Qxd6 {[%clk 0:58:26]} Nxe4 {[%clk 1:16:00]} 18. Nxe4 Bxe4
{[%clk 1:16:24]} 19. Qxb8 {[%clk 0:48:16]} Raxb8 {[%clk 1:16:33]} 20. c3
{[%clk 0:41:35]} Bd5 21. Rd4 Bb3 {[%clk 1:12:37]} 22. Rb4 {[%clk 0:34:15]} Bd5
{[%clk 1:12:24]} 23. Rd1 {[%clk 0:29:50]} Rfc8 {[%clk 1:12:19]} 24. Kf2
{[%clk 0:27:21]} Kf8 {[%clk 1:07:54]} 25. Rd2 {[%clk 0:24:08]} Ke7
{[%clk 1:06:46]} 26. a4 {[%clk 0:20:43]} Bc6 {[%clk 1:06:46]} 27. axb5
{[%clk 0:20:13]} Bxb5 {[%clk 1:05:03]} 28. Ke3 {[%clk 0:17:27]} Bxe2
{[%clk 1:04:43]} 29. Rxb8 {[%clk 0:17:44]} Rxb8 {[%clk 1:05:10]} 30. Rxe2
{[%clk 0:14:41]} a5 {[%clk 1:02:32]} 31. Kd4 {[%clk 0:12:15]} Kd6 32. Kc4
{[%clk 0:12:23]} a4 {[%clk 1:00:11]} 33. Rd2+ {[%clk 0:12:24]} Kc6
{[%clk 1:00:11]} 34. g3 {[%clk 0:11:25]} h6 {[%clk 0:56:39]} 35. h4
{[%clk 0:10:58]} h5 {[%clk 0:56:39]} 36. Re2 {[%clk 0:10:24]} Kd6
{[%clk 0:54:30]} 37. Rd2+ {[%clk 0:09:46]} Kc6 {[%clk 0:50:02]} 38. Re2
{[%clk 0:10:11]} Kd6 {[%clk 0:48:10]} 39. Rd2+ {[%clk 0:10:30]} Kc6
{[%clk 0:46:20]} 40. Re2 {[%clk 0:40:50]} Kd6 {[%clk 1:16:38]} 41. Rd2+
{[%clk 0:41:16]} Ke5 1/2-1/2